Peinture par lettre - N - Statistiques

Statistiques générales
  • Ce quiz a été pris 64 fois
  • Le résultat moyen est 13 sur 20
Statistiques - réponses
Indices Réponses % Correct
Genre artistique qui consiste en la représentation du corps humain non-recouvert par des vêtements nu
100%
L'une des plus célèbres peintures de Vincent Van Gogh La {Nuit} {étoilée}
93%
Série de 250 peintures de Claude Monet représentant des nénuphars Les {Nymphéas}
89%
Personnalité dont le sacre constitue l'une des plus célèbres œuvres de Jacques-Louis David Napoléon Ier
89%
Personnage de la mythologie grecque de grande beauté et se contemplant indéfiniment dans son reflet représenté par Le Caravage Narcisse
89%
L'une des deux plus célèbres œuvres de Botticelli, elle représente une déesse romaine La {Naissance} {de} {Vénus}
88%
Ville où l'on peut retrouver le MoMA ou le Met New York
88%
Le peintre Pierre Soulages a développé une esthétique de cette "couleur" noir
88%
Mouvement artistique de la fin du XIXe et du début du XXe siècle qui s'appuie sur l'esthétique des lignes courbes, souvent opposé à l'art déco art {nouveau}
79%
Genre artistique représentant des éléments inanimés dans une intention symbolique {nature} {morte}
77%
Évènement du début de la vie de Jésus faisant partie des thèmes chrétiens les plus représentés dans la peinture Nativité
66%
Catalogue utilisé en peinture définissant visuellement un ensemble plus ou moins étendu de couleurs nuancier
57%
Mouvement artistique caractérisé par la volonté d'un retour aux sources de l'art, notamment grec et romain et dont Jacques-Louis David en fut le chef de file néo-classicisme
55%
Mouvement artistique proche du réalisme et opposé au romantisme dont Rosa Bonheur a été l'une des représentantes naturalisme
54%
En peinture, style d'art ne respectant pas les dimensions et la précision du dessin auquel les œuvres du Douanier Rousseau sont associées art {naïf}
50%
Œuvre la plus célèbre de Véronèse, elle fait face à La Joconde au musée du Louvre Les {Noces} {de} {Cana}
46%
Groupe d'artistes postimpressionnistes contestant la peinture académique à la fin du XIXe siècle auquel ont appartenu Félix Vallotton et Paul Sérusier Les {Nabis}
34%
Peinture nationale dont l'âge d'or est considéré comme le XVIIe siècle peinture {néerlandaise}
21%
Plus grand musée d'art de Washington où l'on peut voir notamment Autoportrait avec béret et col droit de Rembrandt et La Liseuse de Fragonard {National} {Gallery} {of} {Art}
20%
Tableau de Jérôme Bosch exposé au musée du Louvre homonyme d'un ouvrage allemand recensant divers types de folie La {Nef} {des} {Fous}
14%
Aucun quiz correspondant
Distribution des résultats
% des personnes avec chaque résultat
Percentile par nombre de réponses
Votre historique - résultats
Vous n’avez pas pris ce quiz